Wonderkids of Soccer 2021 - Statistics

General Stats
  • This quiz has been taken 220 times
  • The average score is 22 of 34
Answer Stats
Hint Answer % Correct
Norway, Borussia Dortmund Erling Haaland
94%
England, Man City Phil Foden
94%
Spain, Barca Pedri
92%
Canada, Bayern Munich Alphonso Davies
90%
Brazil, Real Madrid Vinicius Jr.
83%
England, Borussia Dortmund Jude Bellingham
81%
U.S.A, Barca Sergino Dest
80%
Netherlands, Juventus De Ligt
78%
Canada, LOSC Lille Jonathan David
78%
Brazil, Real Madrid Rodrygo
78%
England, Borussia Dortmund Jadon Sancho
77%
England, Arsenal Bukayo Saka
76%
Portugal, Athletico Madrid Joao Felix
76%
Germany, Chelsea Kai Havertz
75%
Spain, Barca Ansu Fati
68%
Sweden, Real Sociedad Alexander Isak
67%
France, Stade Rennais Eduardo Camavinga
67%
U.S.A, Borussia Dortmund Gio Reyna
67%
Germany, Bayern Munich Jamal Musiala
66%
Sweden, Juventus Dejan Kulusevski
63%
Germany, Bayern Leverkusen Florian Wirtz
63%
Hungary, RB Leipzig Dominik Szoboszlai
61%
England, Chelsea Reece James
56%
Spain, Man City Ferran Torres
53%
England, Man United Mason Greenwood
53%
Italy, A.C. Milan Sandro Tonali
50%
France, Leicester City Wesley Fofana
48%
England, Liverpool Curtis Jones
42%
France, Leeds United Illan Meslier
42%
Portugal, Wolverhampton Wonderers Pedro Neto
37%
England, Chelsea Callum Hudson-Odoi
35%
Italy, PSG Moise Kean
34%
Netherlands, Ajax Ryan Gravenberch
33%
DR Congo, Stuttgart Silas Wamangituka
32%
No matching quizzes found
Score Distribution
Percent of People with Each Score
Percentile by Number Answered
Your Score History
You have not taken this quiz